000 01178 a2200241 4500
005 20260130101130.0
008 260130b |||||||| |||| 00| 0 eng d
020 _a9789326355766 (खण्ड 1) (hbk)
037 _cREF
040 _aCRL
_cCRL
041 _2hin
_ahin
084 _aY73(Q7).2 152Q9.1-.2 (RR)
_qCRL
100 _aशिशिर, कर्मेन्दु
_9860713
245 _aभारतीय मुसलमान:
_bइतिहास का संदर्भ
250 _a2 संस्करण
260 _bभारतीय ज्ञानपीठ,
_c2019.
_aनयी दिल्ली, भारत:
300 _aखण्ड 1 (423पृ.)
365 _b720.00
_cINR
490 _aलोकोदय ग्रंथमाला : ग्रंथांक 1317
650 _aभारतीय मुसलमान
_91112871
942 _cTB
_2CC
_n0
_hY73(Q7).2 152Q9.1-.2 (RR)
999 _c1466700
_d1466700